Normal view
MARC view
Entry Personal Name
001 - CONTROL NUMBER
- control field: 23379
003 - CONTROL NUMBER IDENTIFIER
- control field: dpl
005 - DATE AND TIME OF LATEST TRANSACTION
- control field: 20101012122652.0
008 - FIXED-LENGTH DATA ELEMENTS
- fixed length control field: 101012|||a|||||| | ||| d
040 ## - CATALOGING SOURCE
- Original cataloging agency: dpl
- Transcribing agency: dpl
100 ## - HEADING--PERSONAL NAME
- Personal name: नदीम, एम.
670 ## - SOURCE DATA FOUND
- Source citation: Work cat.: (dpl)34237: ख़्वाजा अहमद अब्बास 23377, अलिफ लैला 1956:, 2010
670 ## - SOURCE DATA FOUND
- Source citation: Work cat.: (dpl)34237: ख़्वाजा अहमद अब्बास 23377, अलिफ लैला 1956:, 2010
